000 00281nam a22001337a 4500
020 _a81-204-0517-x
041 _aENG
100 _aGupta .I.C
245 _aUse Of Saline Water In Agriculture
260 _aDelhi
_bOxford
_c1990
300 _a306
650 _aIDE
856 _uIDE
999 _c395
_d395